Yugoslavia Break-Up - Statistics

General Stats
  • This quiz has been taken 92 times
  • The average score is 7 of 7
Answers on the Map
Answers color-coded by a green-red scale on the quiz's map according to % correct below.
 
Answer Stats
Answer % Correct
Croatia
98%
Serbia
97%
Bosnia and Herzegovina
94%
Montenegro
94%
Slovenia
94%
Kosovo
92%
North Macedonia
90%
No matching quizzes found
Score Distribution
Percent of People with Each Score
Percentile by Number Answered
Your Score History
You have not taken this quiz